Journal of small business management advancing entrepreneurship research worldwide

Guardado en:
Detalles Bibliográficos
Formato: Seriadas
Lenguaje:inglés
Publicado: Malden Blackwell Publ. 2011
Materias:
Etiquetas: Agregar Etiqueta
Sin Etiquetas, Sea el primero en etiquetar este registro!

MARC

LEADER 00000nas2a2200000 4500
001 0212320
005 20160209084822.7
022 |a 0047-2778 
041 0 |a eng 
044 |a US 
245 1 0 |a Journal of small business management  |b advancing entrepreneurship research worldwide 
264 1 |a Malden  |b Blackwell Publ.  |c 2011 
773 0 |w eu_un_cat*0082089 
610 2 0 |a manažment 
610 2 0 |a podnik malý 
610 2 0 |a podnikanie